000 00633nam a2200229Ia 4500
003 OSt
005 20221006164738.0
006 a|||||r|||| 00| 0
007 ta
008 221006b |||||||| |||| 00| 0 hin d
024 _a4,208
037 _cTextual
040 _aFML
_cFML
_bhin
041 _2hin
_ahin
082 _aO15:g(NT), 152N7
100 _aGupta Urmi Bhushan Au.
_9678219
245 0 _aSanskrit Naatako Main Naatya Nirdesh
260 _aNew Delhi
_bO. P. Patil India
_c1997
300 _a311
_ccm.
942 _hO15:g(NT), 152N7
_cTEXL
_2CC
999 _c1118324
_d1118324